Classic/Hit Emo Songs - Statistics

General Stats
  • This quiz has been taken 49 times
    47 since last reset
  • The average score is 15 of 42
Answer Stats
Artist Album Answer % Correct
My Chemical Romance The Black Parade Welcome to the Black Parade
89%
Panic! At The Disco A Fever You Can't Sweat Out I Write Sins Not Tragedies
70%
Thirty Seconds to Mars A Beautiful Lie The Kill
65%
Jimmy Eat World Bleed American The Middle
65%
Pierce the Veil Collide with the Sky King for a Day
62%
Paramore Riot! Misery Business
62%
Blink-182 Self-Titled I Miss You
59%
The All-American Rejects Move Along Dirty Little Secret
57%
Yellowcard ________________ Ocean Avenue
57%
All Time Low So Wrong, It's Right Dear Maria, Count Me In
51%
Plain White T's All That We Needed Hey There Delilah
51%
Red Jumpsuit Apparatus Don't You Fake It Face Down
49%
Metro Station Self-Titled Shake It
49%
Good Charlotte The Young and Hopeless The Anthem
49%
Taking Back Sunday Louder Now MakeDamnSure
43%
AFI Decemberunderground Miss Murder
43%
Sleeping With Sirens Let's Cheers to This If You Can't Hang
41%
Hawthorne Heights The Silence in Black and White Ohio Is for Lovers
41%
Fall Out Boy From Under the Cork Tree Sugar, We're Goin Down
41%
We the Kings Self-Titled Check Yes Juliet
38%
Escape the Fate Dying Is Your Latest Fashion Situations
38%
Falling In Reverse ________________ The Drug In Me Is You
38%
Mayday Parade A Lesson in Romantics Jamie All Over
35%
American Football American Football (LP1) Never Meant
35%
Boys Like Girls Self-Titled The Great Escape
30%
The Fall of Troy Doppelgänger F.C.P.R.E.M.I.X
27%
The Used Self-Titled The Taste of Ink
27%
Simple Plan Still Not Getting Any... Untitled
24%
Secondhand Serenade A Twist in My Story Fall for You
19%
Chiodos All's Well That Ends Well Baby, You Wouldn't Last a Minute on the Creek
16%
Senses Fail Still Searching Can't Be Saved
16%
Sunny Day Real Estate Diary In Circles
16%
Thursday Full Collapse Understanding in a Car Crash
16%
Jack's Mannequin Everything in Transit Dark Blue
14%
Brand New Deja Entendu The Quiet Things That No One Ever Knows
14%
Story of the Year Page Avenue Until the Day I Die
14%
Dashboard Confessional Dusk and Summer Vindicated
14%
A Skylit Drive ________________ Wires and the Concept of Breathing
14%
Underoath Define the Great Line Writing On The Walls
14%
Motion City Soundtrack Commit This to Memory Everything Is Alright
11%
Say Anything ...Is a Real Boy Alive with the Glory of Love
8%
Rites of Spring Self-Titled For Want Of
8%
No matching quizzes found
Score Distribution
Percent of People with Each Score
Percentile by Number Answered
Your Score History
You have not taken this quiz since the last reset